000 01364nam a2200277 a 4500
999 _c388807
_d388807
003 BLK
005 20250707172212.0
008 200925b bu |||||r|||| 00| 0 bu d
020 _a9786191994618
020 _a3800083826200
040 _aBLK
041 _aBUL
_cBUL
080 _aИздания за деца и юноши. Книжки-картинки. Читанки. Вж и 372.4
_b087.5
_z087.5
100 _aДейнс, Кейти
_eпърви автор
_91299
139 _aДейнс, Кейти
_bД 34
245 _aЗащо ни е нужно гърне?
_bПърви въпроси и отговори
_cКейти Дейнс ; ил. Марта Алварес Мигенс
260 _9209475
_aКитай
_bФют
_c2019
_n978-619-199- ; 978-954-625-
300 _c20 см
_a12 с.
_bс цв. ил
380 _aDN
501 _aКор. опис. Ориг. загл.: Why do we need a potty? / Katie Daynes Името на ил. Марта Алварес Мигенс погрешно отпеч. Марта Арварес Мигенс Прев. от англ. ез. Кн. отпеч. на ламиниран картон
700 _9599
_aАлварес Мигенс, Марта
_eил.
852 _aЦб 303933
_bЦб
856 _i0.00
_ldisable
942 _cKNG
_n0
_s1
_077
944 _aCR
_c2020-10-06
_k30564
_lАнна Гръцманова